000 00732nam a2200241 i 4500
001 bg
100 1 _aSTEINHAUS, Ingo
245 1 0 _aBank und Börse online :
_bGeldanlage per Internet /
_cIngo Steinhaus.
260 _aHamburg :
_bRowohlt Taschenbuch,
_c2000.
300 _a246, [1] s. :
_bil. ;
_c20 cm.
490 1 _aSmart Books
650 9 _aBanki
_xautomatyzacja
650 9 _aInternet
_xstosowanie
_xfinanse
830 _aSmart Books
020 _a3499600897
040 _cBPK
041 0 _ade
080 _a336.71:004.738.5
920 _a3-499-60089-7
942 _cKS
008 s pl f |000 0 pol
999 _c40466
_d40466
856 _uhttp://koha.tu.koszalin.pl/cgi-bin/koha/opac-detail.pl?biblionumber=40466
_yKatalog online BPK